Biggest American Cities that End in E on a Map - Statistics

General Stats
  • This quiz has been taken 230 times
  • The average score is 22 of 30
Answers on the Map
Answers color-coded by a green-red scale on the quiz's map according to % correct below.
 
Answer Stats
Population City % Correct
737,015 Seattle
97%
949,611 Jacksonville
96%
689,447 Nashville
95%
235,684 Boise
93%
633,045 Louisville
93%
564,559 Albuquerque
92%
874,579 Charlotte
92%
1,013,240 San Jose
92%
585,708 Baltimore
91%
577,222 Milwaukee
91%
291,247 Anchorage
90%
190,934 Providence
88%
227,470 Baton Rouge
84%
196,169 Tallahassee
84%
187,041 Mobile
80%
228,989 Spokane
79%
190,740 Knoxville
76%
182,760 Fort Lauderdale
65%
263,886 Fort Wayne
63%
215,006 Huntsville
63%
186,738 Brownsville
62%
249,422 Chesapeake
60%
314,998 Riverside
59%
248,325 Glendale
58%
196,543 Glendale
58%
241,361 Scottsdale
54%
208,501 Fayetteville
48%
307,670 Irvine
48%
204,851 Port St. Lucie
43%
196,100 Grand Prairie
26%
No matching quizzes found
Score Distribution
Percent of People with Each Score
Percentile by Number Answered
Your Score History
You have not taken this quiz